000 01254nam0a2200301 i 4500
001 RU\NLR\BIBL_A\011197149
005 20240921165537.0
010 _a9785794905519
_9100
021 _aRU
_b2016-60624
_93848
035 _a(NILC)RuMoRGB-008568318
035 _a(NLR Aleph) 011197149
090 _a11899260
_c11899260
100 _a20160817d2016 u y0rusy50 ca
101 0 _arus
102 _aRU
105 _aa|||z||||||f|
200 1 _aДорога между станциями
_e[рассказы]
_fЛари Лисил
210 _aМосква
_cМосковская городская организация Союза писателей России
_cЛитературная Республика
_d2016
215 _a63 с.
_cил.
_d21
327 1 _aСодерж.: Красный овраг; Праздник на льдинах; Каникулы в Никитино; Сплав; Непридуманные сны; Новая русская сказка о добре и зле
686 2 _aШ6(2=Р)8-440.5
700 1 _7ca
_8rus
_aЛисил
_bЛ.
_gЛари
_9163864
_3RU\NLR\AUTH\770163908
801 0 _aRU
_bРГБ
_c20160802
_gRCR
942 _cBOOK
980 _aNBR